Édifices chrétiens de Thélepte et d'Ammaedara /
Saved in:
| Main Author: | |
|---|---|
| Format: | Book |
| Language: | French |
| Published: |
Tunis :
Impr. J. Aloccio,
1933.
|
| Subjects: | |
| Tags: |
Add Tag
No Tags, Be the first to tag this record!
|
| LEADER | 01139cam a2200277Ia 4500 | ||
|---|---|---|---|
| 001 | 006123745-0 | ||
| 005 | 20091208164801.0 | ||
| 008 | 990328s1933 ti abe 000 0 fre d | ||
| 035 | 0 | |a ocm41054200 | |
| 040 | |a CGU |c CGU |d OCLCQ |d OCLCG | ||
| 043 | |a f-ti--- | ||
| 100 | 1 | |a Gsell, Stéphane, |d 1864-1932. | |
| 245 | 1 | 0 | |a Édifices chrétiens de Thélepte et d'Ammaedara / |c Stéphane Gsell. |
| 260 | |a Tunis : |b Impr. J. Aloccio, |c 1933. | ||
| 300 | |a 80 p. : |b ill., map, plans ; |c 25 cm. | ||
| 500 | |a Originally published in "Atti del II⁰ Congresso internazionale di archeologia christiana" and after the author's death edited by the "Revue tunisienne." | ||
| 505 | 0 | |a I. Édifices chrétiens de Thélepte -- II. Édifices chrétiens d' Ammaedara. | |
| 650 | 0 | |a Christian antiquities |z Tunisia |z Furriīyānah. | |
| 650 | 0 | |a Christian antiquities |z Tunisia |z Ḥaydarah. | |
| 650 | 0 | |a Church architecture |z Tunisia |z Furriīyānah. | |
| 650 | 0 | |a Church architecture |z Tunisia |z Ḥaydarah. | |
| 651 | 0 | |a Furriīyānah (Tunisia) |x Antiquities. | |
| 651 | 0 | |a Ḥaydarah (Tunisia) |x Antiquities. | |
| 988 | |a 20020608 | ||
| 049 | |a DDOO |o d | ||
| 906 | |0 OCLC | ||


